Catálogo

ENVIRONMENTAL SOIL SCIENCE (Registro nro. 43052)

Detalles MARC
000 -LEADER
fixed length control field 00469nam a2200169 a 4500
001 - CONTROL NUMBER
control field 43052
005 - DATE AND TIME OF LATEST TRANSACTION
control field 20180714021440.0
008 - FIXED-LENGTH DATA ELEMENTS--GENERAL INFORMATION
fixed length control field 140415s1994 000 0 spa d
041 ## - LANGUAGE CODE
Language code of text/sound track or separate title spa
082 ## - DEWEY DECIMAL CLASSIFICATION NUMBER
Classification number 631.4
Item number TAN
100 1# - MAIN ENTRY--PERSONAL NAME
Personal name TAN, KIM H.
245 10 - TITLE STATEMENT
Title ENVIRONMENTAL SOIL SCIENCE
260 ## - PUBLICATION, DISTRIBUTION, ETC.
Place of publication, distribution, etc. [s.l.] :
Name of publisher, distributor, etc. MARCEL DEKKER,
Date of publication, distribution, etc. 1994
300 ## - PHYSICAL DESCRIPTION
Extent 304
490 ## - SERIES STATEMENT
Series statement BOOKS IN SOIL, PLANTS AND THE ENVIRONMENT
650 14 - SUBJECT ADDED ENTRY--TOPICAL TERM
Topical term or geographic name entry element CONTAMINACION DE SUELOS
General subdivision ECOLOGIA
Existencias
Withdrawn status Lost status Source of classification or shelving scheme Damaged status Not for loan Collection code Home library Current library Shelving location Date acquired Source of acquisition Inventory number Total Checkouts Full call number Barcode Date last seen Date last checked out Price effective from Koha item type
    Dewey Decimal Classification     General Biblioteca Karol Wojtyla Biblioteca Karol Wojtyla Sala general 03/12/2013 Compra 151000000000000000012880   631.4 TAN 6486 05/01/2026 10/02/2016 03/12/2013 Libro